Statistiques concernant Géographie de l'Europe

Cliquez ici pour prendre le quiz!

Statistiques générales

  • Ce quiz a été pris 258 fois
  • Le résultat moyen est 12 sur 15

Statistiques - réponses

Indice Réponse % Correct
Pays qui possède les îles CanariesEspagne
99%
Pays se retrouvant entre l'Espagne et la FranceAndorre
98%
Région de France où à eu lieu un important débarquement en 1944Normandie
97%
Chaîne de montagnes situé entre la France et l'EspagneLes Pyrénées
96%
Capitale de la BiélorussieMinsk
94%
Pays nordique où un homme tua 505 hommes soviètiques durant la 2ième guerre mondialeFinlande
92%
Montagne la plus haute de l'Europe occidentaleMont Blanc
90%
Le Mozambique était une colonie de ce paysPortugal
87%
Les îles Seeland , Fionie et Ærø appartiennent à ce paysDanemark
81%
Lieu de pèlerinage important situé au nord-ouest de l'EspagneSaint-Jacques-De-Compostelle
81%
Ville la plus peuplée d'ÉcosseGlasgow
70%
Ville russe assiégée durant la 2ième guerre mondialeVolgograd
60%
Pays où il y avait seulement trois meurtres en 2015Islande
57%
Deuxième ville la plus importante d'IrlandeCork
49%
Région russe située au nord de la PologneKaliningrad
36%

Distribution des résultats

Percentile par nombre de réponses

% des personnes avec chaque résultat

Votre développement - résultats

Vous n’avez pas pris ce quiz